Manual para elaborar manuales de políticas y procedimientos /

Contenido: 1) Diagnóstico de la estructura documental; 2) Capacitación en manuales de políticas y procedimientos; 3) Diseño de la estructura documental; 4) Desarrollo de los documentos controlados; 5) Difusión de los manuales de políticas y procedimientos; 6) Las mil y un preguntas; 7) Vocabulario;...

Deskribapen osoa

Gorde:
Xehetasun bibliografikoak
Egile nagusia: Alvarez Torres, Martín G. (autor)
Formatua: Liburua
Hizkuntza:gaztelania
Argitaratua: México : Panorama, 2008, c2008
Edizioa:2a edición
Gaiak:
Etiketak: Etiketa erantsi
Etiketarik gabe, Izan zaitez lehena erregistro honi etiketa jartzen!

MARC

LEADER 00000nam^a2200000^a^4500
001 000330092
005 20250521000000.0
009 20260310113954.365
020 |a 978-968-38-1764-8 
037 |a Acervo ITESO - Biblioteca 
041 |a ESP 
082 |a 658. 401  |b ALV 
100 |a Alvarez Torres, Martín G.  |e (autor) 
245 1 0 |a Manual para elaborar manuales de políticas y procedimientos /  |c M.G. Alvarez Torres ; introd. de Luis Castañeda Martínez. 
250 |a 2a edición  |b corregida y aumentada 
264 4 |a México :  |b Panorama,  |c 2008, c2008 
300 |a 285 p. 
336 |a texto  |b txt  |2 rdacontenido 
337 |a sin mediación  |b n  |2 rdamedio 
338 |a volumen  |b nc  |2 rdasoporte 
520 |a Contenido: 1) Diagnóstico de la estructura documental; 2) Capacitación en manuales de políticas y procedimientos; 3) Diseño de la estructura documental; 4) Desarrollo de los documentos controlados; 5) Difusión de los manuales de políticas y procedimientos; 6) Las mil y un preguntas; 7) Vocabulario; 8) Bibliografía del mismo autor relacionada con la elaboración e manuales y el incremento de la competitividad. 
649 |a XX 
650 |a Manual de Organización -  |x Tema Principal 
650 |a Organización Administrativa 
650 |a Proceso Administrativo -  |x Dirección 
650 |a Administración 
650 |a Ciencias Administrativas 
910 |a Fondo General 
920 |a Impresos - Libros 
930 |a Colección General 
905 |a 101 
901 |a 0500219352  |b IT1  |c ACC  |i C136293  |u 20250521 
902 |a https://opac.biblio.iteso.mx/vufind/Record/000330092